000 00486nam a2200181Ia 4500
005 20250326123505.0
008 250326s9999 xx 000 0 und d
037 _aTextbook
040 _aFMSL
_beng
_cFMSL
041 _aeng
_2eng
084 _aX:89A N2
_qFMSL
100 _aShirose K
_9735280
245 0 _aTPM for workshop leaders
_cShirose K
260 _aOregon
_bOregon, Productivity
_c1992
300 _a150p
942 _cTB
_hX:89A N2
999 _c1269583
_d1269583